000 01134nam a2200241 i 4500
001 187342
003 SpMaBN
005 20230906222904.0
008 170609s1961 sp f |||| | spa d
080 _a821.134.2-34"14"
100 1 _aSánchez de Vercial, Clemente.
_9163013
245 1 0 _aLibro de los exenplos, por A.B.C. /
_c[Clemente Sánchez de Vercial] ; edición crítica por John Esten Keller ; vocabulario-etimológico por Louis Jennings Zahn.
260 _aMadrid :
_bConsejo Superior de Investigaciones Científicas,
_c1961 (
_eValencia :
_fCastelia)
300 _a449 p., [1] h. de lám. ;
_c25 cm.
490 1 _aClásicos hispánicos.
_aSerie II, Ediciones críticas ;
_v5
504 _aBibliografía: p. [343]-344, [445]-446.
700 1 _aKeller, John E.
_967768
700 1 _aZahn, Louis Jennings.
_9163014
710 2 _aConsejo Superior de Investigaciones Científicas (España)
_93236
830 0 _aClásicos hispánicos.
_aSerie II, Ediciones críticas ;
_v5
_9181801
852 _aES-MaACL
_jL-31693
_z- enc. cart.
_z. - Donat. herederos de la bibl. de Mª del Pilar Costa Palacín
999 _c187342
_d187342